The Biggest Cities of Abruzzo and Molise - Statistics

General Stats
  • This quiz has been taken 27 times
  • The average score is 20 of 30
Answer Stats
Inhabitants Province City % Correct
47,418 Campobasso Campobasso
95%
20,684 Isernia Isernia
95%
48,532 Chieti Chieti
91%
69,717 L'Aquila L'Aquila
91%
118,461 Pescara Pescara
91%
51,630 Teramo Teramo
91%
40,842 L'Aquila Avezzano
77%
33,915 Chieti Lanciano
77%
53,493 Pescara Montesilvano
77%
21,960 L'Aquila Sulmona
77%
23,510 Teramo Giulianova
73%
31,957 Campobasso Termoli
73%
40,874 Chieti Vasto
73%
14,687 Teramo Pineto
68%
13,097 Teramo Alba Adriatica
64%
11,094 Pescara Penne
64%
19,776 Chieti San Salvo
64%
15,455 Teramo Silvi
64%
25,543 Chieti Francavilla al Mare
59%
22,099 Chieti Ortona
59%
25,617 Teramo Roseto degli Abruzzi
59%
14,886 Pescara Città Sant'Angelo
55%
16,359 Teramo Martinsicuro
55%
19,066 Pescara Spoltore
50%
10,768 Isernia Venafro
50%
10,319 Chieti Atessa
41%
10,195 L'Aquila Celano
36%
10,980 Pescara Cepagatti
36%
11,870 Teramo Tortoreto
27%
14,451 Chieti San Giovanni Teatino
23%
No matching quizzes found
Score Distribution
Percent of People with Each Score
Percentile by Number Answered
Your Score History
You have not taken this quiz